Combatir la celulitis / (Registro nro. 24107)

Detalles MARC
000 -LEADER
fixed length control field 01162nam a2200325 4500
001 - CONTROL NUMBER
control field 0000023774
003 - CONTROL NUMBER IDENTIFIER
control field CO-CtgCURN
005 - DATE AND TIME OF LATEST TRANSACTION
control field 20250331185241.0
007 - PHYSICAL DESCRIPTION FIXED FIELD--GENERAL INFORMATION
fixed length control field ta
008 - FIXED-LENGTH DATA ELEMENTS--GENERAL INFORMATION
fixed length control field 160627s 000 0 eng d
020 ## - INTERNATIONAL STANDARD BOOK NUMBER
International Standard Book Number 9788430560097
040 ## - CATALOGING SOURCE
Original cataloging agency CO-CtgCURN
Language of cataloging spa
Transcribing agency coctgcurn
082 0# - DEWEY DECIMAL CLASSIFICATION NUMBER
Classification number 646.726
Item number L457
100 1# - MAIN ENTRY--PERSONAL NAME
Personal name Lecci, Elisa.
245 10 - TITLE STATEMENT
Title Combatir la celulitis /
Statement of responsibility, etc. Elisa Lecci, traducción de Jesus García.
260 ## - PUBLICATION, DISTRIBUTION, ETC.
Place of publication, distribution, etc. Madrid :
Name of publisher, distributor, etc. Tikal,
Date of publication, distribution, etc. 201?.
300 ## - PHYSICAL DESCRIPTION
Extent 100 p. il, color.
336 ## - CONTENT TYPE
Source rdacontent
337 ## - MEDIA TYPE
Source rdamedia
Media type term sin mediacion
Media type code n
338 ## - CARRIER TYPE
Source rdacarrier
Carrier type term volumen
Carrier type code nc
500 ## - GENERAL NOTE
General note Incluye glosario.
505 8# - FORMATTED CONTENTS NOTE
Formatted contents note ·Que es la celulitis? -- Dieta y alimentacion -- La fitoterapia -- El ejercicio fisico -- El masaje -- Tratamientos contra la celulitis -- Las intervenciones quirurgicas
534 ## - ORIGINAL VERSION NOTE
Main entry of original Combattere la cellulite.
650 14 - SUBJECT ADDED ENTRY--TOPICAL TERM
Topical term or geographic name entry element Celulitis
Form subdivision Tratamiento.
700 1# - ADDED ENTRY--PERSONAL NAME
Personal name García, Jesus, traductor.
908 ## - PUT COMMAND PARAMETER (RLIN)
Put command parameter 160627
942 ## - ADDED ENTRY ELEMENTS (KOHA)
Koha item type Libros
Classification part 646.726
Item part L457
Source of classification or shelving scheme Dewey Decimal Classification
Existencias
Withdrawn status Lost status Source of classification or shelving scheme Damaged status Not for loan Collection Home library Current library Shelving location Date acquired Inventory number Total checkouts Full call number Barcode Date last seen Copy number Price effective from Koha item type Public note
    Dewey Decimal Classification     General Miguel Henríquez Emiliani Miguel Henríquez Emiliani General 03/31/2025 017285   646.726 L457 017285 03/31/2025 ej.1 03/31/2025 Libros 640-ECODOM
    Dewey Decimal Classification     General Miguel Henríquez Emiliani Miguel Henríquez Emiliani General 03/31/2025 017286   646.726 L457 017286 03/31/2025 ej.2 03/31/2025 Libros 640-ECODOM